Harry Potter Names - Statistics

General Stats
  • This quiz has been taken 1,199 times
  • The average score is 97 of 140
Answer Stats
Hint Answer % Correct
Potter Harry
100%
Weasley Ron
99%
Dumbledore Albus
98%
Malfoy Draco
98%
Weasley Fred
98%
Weasley George
98%
Granger Hermione
98%
Lovegood Luna
98%
Longbottom Neville
97%
Weasley Ginny
96%
Black Sirius
96%
Diggory Cedric
95%
Potter James
95%
Potter Lily
95%
Snape Severus
95%
Chang Cho
94%
Weasley Molly
94%
Riddle Tom
94%
Weasley Arthur
93%
Lestrange Bellatrix
93%
Weasley Bill
93%
Malfoy Lucius
93%
McGonagall Minerva
93%
Weasley Percy
92%
Pettirgew Peter
92%
Hagrid Rubeus
92%
Lupin Remus
91%
Weasley Charlie
90%
Umbridge Dolores
90%
Dursley Dudley
89%
Dursley Petunia
89%
Malfoy Narcissa
88%
Finnigan Seamus
88%
Delacour Fleur
87%
Brown Lavender
87%
Dursley Vernon
87%
Moody Alastor
86%
Wood Oliver
86%
Crabbe Vincent
86%
Gryffindor Godric
85%
Tonks Nymphadora
85%
Slytherin Salazar
85%
Hufflepuff Helga
84%
Bell Katie
84%
Krum Viktor
84%
Crouch Barty
83%
Ravenclaw Rowena
83%
Creevey Colin
82%
Fudge Cornelius
82%
Flitwick Filius
82%
Lockhart Gilderoy
82%
Goyle Gregory
82%
Skeeter Rita
82%
Patil Padma
81%
Parkinson Pansy
81%
Thomas Dean
80%
Patil Parvati
80%
Filch Argus
79%
Abbott Hannah
79%
Cattermole Reg
79%
Trelawney Sybill
79%
Tonks Ted
79%
Longbottom Alice
77%
Bryce | Longbottom Frank
77%
Karkaroff Igor
77%
Shacklebolt Kingsley
77%
Dursley Marge
77%
Black Regulus
77%
Jordan Lee
76%
Bones Susan
76%
Dumbledore Aberforth
75%
Zabini Blaise
74%
Ravenclaw Helena
74%
Lovegood Xenophilius
74%
Johnson Angelina
73%
Clearwater Penelope
73%
Bagshot Bathilda
72%
Greyback Fenrir
72%
Dumbledore Ariana
71%
Pompfrey Poppy
71%
Diggory Amos
70%
McLaggan Cormac
70%
Flint Marcus
70%
Delacour Gabrielle
69%
Slughorn Horace
69%
Creevey Dennis
66%
Finch-Fletchley Justin
65%
Gaunt Marvolo
65%
Potter Albus Severus
63%
Spinnet Alicia
63%
Tonks Andromeda
63%
Maxime Olympe
63%
Lupin Teddy
63%
Sprout Pomona
62%
Fletcher Mundungus
61%
Scrimgeour Rufus
61%
Burbage Charity
60%
Grindelwald Gellert
60%
Quirrell Quirinus
60%
Weasley Rose
58%
Flamel Nicolas
57%
Porpington Nicholas
56%
Malfoy Scorpius
56%
Figg Arabella
55%
Weasley Hugo
54%
Smith Zacharias
54%
Bones Amelia
52%
Carrow Amycus
51%
Longbottom Augusta
51%
Potter James Sirius
51%
Dolohov Antonin
50%
Diggle Dedalus
50%
Potter Lily Luna
49%
Hooch Rolanda
48%
Cattermole Mary
47%
Ollivander Garrick
46%
Edgecombe Marietta
45%
Lestrange Rodolphus
45%
Prewett Gideon
41%
Prewett Fabian
39%
Weasley Victoire
39%
Vance Emmeline
32%
Weasley Fred II
29%
Pince Irma
29%
Weasley Louis
29%
Podmore Sturgis
29%
Weasley Roxanne
28%
Malfoy Astoria
27%
Weasley Dominique
27%
Weasley Lucy
26%
Black Walburga
24%
Weasley Molly II
23%
Black Orion
23%
Vector Septima
23%
Babbling Bathsheda
15%
Doge Elphais
10%
Weasley Septimus
3%
Black Cedrella
1%
No matching quizzes found
Score Distribution
Percent of People with Each Score
Percentile by Number Answered
Your Score History
You have not taken this quiz